000 00768nam a2200241 i 4500
001 13474
003 ES-MaACL
005 20231215063504.0
007 t|
008 980416s1995 sp ||||1| spa d
020 _a84-88564-09-0
080 _a910.1:37.02
080 _a37.02:910.1
100 1 _aHerrero Fabregat, Clemente
_963312
245 1 0 _aGeografía y educación
_b: sugerencias didácticas /
_cClemente Herrero Fabregat.
260 _aMadrid :
_bHuerga y Fierro,
_c[1995]
300 _a153 p. :
_bil. ;
_c22 cm.
490 1 _aEliseo Reclus ;
_v1
650 1 4 _aGeografía-
_xDidáctica.
_913072
830 0 _aEliseo Reclus ;
_v1
_9228422
852 _aES-MaACL
_jL-20794
_bR.125489
_q. - Ded. autógr. del autor
999 _c13474
_d13474